Ругозы и биостратиграфия верхнего ордовика и нижнего силура (Чингиз-Тарбагатайский регион)

Библиографические подробности
Главный автор: Султанбекова Ж. С. Жибек Султанбековна
Автор-организация: Академия наук Казахской ССР (АН КазССР) Институт геологических наук им. К. И. Сатпаева (ИГН)
Язык:русский
Опубликовано: Алма-Ата, Наука, 1986
Предметы:
Формат: Книга
Запись в KOHA:https://koha.lib.tpu.ru/cgi-bin/koha/opac-detail.pl?biblionumber=278735

MARC

LEADER 00000nam0a2200000 4500
001 278735
005 20231101235136.0
020 |a RU  |b 86-17071 
035 |a (RuTPU)RU\TPU\book\302013 
090 |a 278735 
100 |a 20141215d1986 k y0rusy5003 ca 
101 0 |a rus 
102 |a KZ 
105 |a a z 001zy 
200 1 |a Ругозы и биостратиграфия верхнего ордовика и нижнего силура (Чингиз-Тарбагатайский регион)  |f Ж. С. Султанбекова  |g Академия наук Казахской ССР (АН КазССР), Институт геологических наук им. К. И. Сатпаева (ИГН) 
210 |a Алма-Ата  |c Наука  |d 1986 
215 |a 164 с.  |c ил. 
320 |a Библиогр.: с. 110-114 
606 1 |a Ругозы  |2 stltpush  |3 (RuTPU)RU\TPU\subj\25467  |9 49616 
610 1 |a Казахстан 
610 1 |a распространение 
610 1 |a верхний ордовик 
610 1 |a нижний силур 
610 1 |a расчленение 
610 1 |a этапы развития 
610 1 |a экология 
610 1 |a микроструктура 
610 1 |a эволюция 
610 1 |a фауна 
675 |a 563.61  |v 4 
700 1 |a Султанбекова  |b Ж. С.  |g Жибек Султанбековна  |4 070 
712 0 2 |a Академия наук Казахской ССР (АН КазССР)  |b Институт геологических наук им. К. И. Сатпаева (ИГН)  |c (Алма-Ата)  |2 stltpush  |3 (RuTPU)RU\TPU\col\5163 
801 0 |a RU  |b RuMRKP  |c 19950704  |g psbo 
801 1 |a RU  |b 63413507  |c 20141215 
801 2 |a RU  |b 63413507  |c 20170413  |g RCR 
942 |c BK